Introducción a la sociología / (Record no. 65494)

MARC details
000 -LEADER
campo de control de longitud fija 00589nam a2200181 i 4500
001 - NÚMERO DE CONTROL
campo de control 65494
003 - IDENTIFICADOR DE NÚMERO DE CONTROL
campo de control ES-MaACL
005 - FECHA Y HORA DE LA ÚLTIMA TRANSACCIÓN
campo de control 20250809063501.0
007 - CAMPO FIJO DE DESCRIPCIÓN FÍSICA--INFORMACIÓN GENERAL
campo de control de longitud fija t|
008 - DATOS DE LONGITUD FIJA--INFORMACIÓN GENERAL
campo de control de longitud fija 040114s1945 sp ||||1| spa d
100 1# - ENTRADA PRINCIPAL--NOMBRE DE PERSONA
Nombre de persona Freyer, Hans,
Fechas asociadas al nombre 1887-1969
9 (RLIN) 52565
245 10 - MENCIÓN DEL TÍTULO
Título Introducción a la sociología /
Mención de responsabilidad, etc. Hans Freyer ; versión del alemán por Felipe González Vicen.
260 ## - PUBLICACIÓN, DISTRIBUCIÓN, ETC.
Lugar de publicación, distribución, etc. Madrid :
Nombre del editor, distribuidor, etc. Nueva Epoca,
Fecha de publicación, distribución, etc. 1945 (
Fabricante Collantes y Rubio)
300 ## - DESCRIPCIÓN FÍSICA
Extensión 192 p. ;
Dimensiones 25 cm.
700 1# - ENTRADA AGREGADA--NOMBRE PERSONAL
Nombre de persona González Vicen, Felipe.
9 (RLIN) 59017
852 ## - LOCALIZACIÓN
Ubicación ES-MaACL
Número de control de estantería F-16191
Sublocalización o colección R.21868
Holdings
Estatus retirado Estado de pérdida Estado de daño No para préstamo Biblioteca de origen Biblioteca actual Ubicación en estantería Fecha de adquisición Fuente de adquisición Total de préstamos Signatura topográfica completa Código de barras Visto por última vez Precio de reemplazo Tipo de ítem Koha
        Biblioteca del Ateneo de Madrid Biblioteca del Ateneo de Madrid Sala Pecera Planta 2 17/01/2008     F-16191 1068619 23/02/2023 23/02/2023 Libro impreso